15 principaux pays touchés par Covid-19 - 21 juillet 2021 - Statistiques

Statistiques générales
  • Ce quiz a été pris 62 fois
  • Le résultat moyen est 15 sur 28
Statistiques - réponses
pays % Correct
France
100%
Espagne
98%
Etats-Unis
96%
Russie
96%
Italie
93%
Royaume-Uni
91%
Inde
88%
Allemagne
86%
Brésil
86%
Argentine
71%
Portugal
68%
Belgique
66%
Pologne
59%
Suède
54%
Pays-Bas
52%
Turquie
52%
Colombie
46%
Indonésie
34%
Iran
34%
Slovénie
25%
Tchèquie
23%
Estonie
11%
Israël
11%
Uruguay
11%
Lituanie
9%
Géorgie
4%
Bahreïn
0%
Panama
0%
Aucun quiz correspondant
Distribution des résultats
% des personnes avec chaque résultat
Percentile par nombre de réponses
Votre historique - résultats
Vous n’avez pas pris ce quiz